00401 a2200157 4500003000400000005001700004008004100021020001500062040000900077082001800086100002900104245005400133250001300187260003300200300001000233OSt20260325135016.0231130b |||||||| |||| 00| 0 eng d a817130737X coclc a863.64bMAR/C aMarquez, Gabriel Garcia aCholerakalathe Pranayam /cGabriel Garcia Marquez a17th ed. aKottayam:bD C Books,c2022. a504p.